000 01197nac a22003251i 4500
003 EG-ScBUE
005 20240602100236.0
008 240602s1997 enk f b 001 0 eng d
020 _a1860640125
020 _a9781860640124
040 _aEG-ScBUE
_beng
_erda
_cEG-ScBUE
_dEG-ScBUE
043 _aaw-----
082 0 4 _a956
_bMID
_222
245 0 0 _aMiddle Eastern politics and ideas :
_ba history from within /
_cedited by Ilan‏ Pappé and Moshe Maʻoz.
264 1 _aLondon ;
_aNew York :
_bTauris Academic Studies,
_c1997.
300 _axi, 236 pages ;
_c23 cm
336 _2rdacontent
_atext
_btxt
337 _aunmediated
_2rdamedia
_bn
338 _avolume
_bnc
_2rdacarrier
504 _aIncludes bibliographical references and index.
600 1 7 _aHourani, Albert Habib.
_2BUEsh
651 7 _aMiddle East
_xHistoriography.
_2BUEsh
651 7 _aMiddle East
_xHistory.
_2BUEsh
655 _vReading book
700 1 _aPappé, Ilan‏,
_eeditor.
700 1 _aMaʻoz, Moshe‏,
_eeditor.
856 4 2 _3Publisher description
_uhttp://www.loc.gov/catdir/description/hol055/95062316.html
856 4 2 _3Table of contents
_uhttp://www.loc.gov/catdir/toc/hol052/95062316.html
942 _cBB
_2ddc
999 _c9492
_d9492